Subdivision capitals closest to Constanța (RO) - Statistics

General Stats
  • This quiz has been taken 8 times
  • The average score is 9 of 20
Answer Stats
Distance (km) Answer % Correct
16 206 București
100%
6 123 Varna
75%
7 133 Brâila
50%
17 210 Burgas
50%
10 182 Buzău
50%
2 106 Călărași (RO)
50%
1 95 Dobrič
50%
8 149 Galați
50%
18 218 Giurgiu
50%
20 226 Ploiești
50%
19 219 Ruse
50%
3 112 Silistra
50%
4 112 Slobozia
50%
5 112 Tulcea
50%
13 196 Cahul
25%
15 205 Focșani
25%
11 186 Razgrad
25%
9 172 Šumen
25%
12 191 Taraclia
25%
14 197 Targovište
25%
No matching quizzes found
Score Distribution
Percent of People with Each Score
Percentile by Number Answered
Your Score History
You have not taken this quiz